South Eastern Kenya University

Library Online Public Access Catalogue


Livestock sector of India : (Record no. 1249)

MARC details
000 -LEADER
fixed length control field 00423nam a22001577a 4500
020 ## - INTERNATIONAL STANDARD BOOK NUMBER
International Standard Book Number 8185860173 9788185860176
050 ## - LIBRARY OF CONGRESS CALL NUMBER
Classification number SF 87
Item number .S37 1995.
100 ## - MAIN ENTRY--PERSONAL NAME
Personal name Sastry,N S R
245 ## - TITLE STATEMENT
Title Livestock sector of India, regional aspects
250 ## - EDITION STATEMENT
Edition statement 1st ed.
260 ## - PUBLICATION, DISTRIBUTION, ETC. (IMPRINT)
Place of publication, distribution, etc. Lucknow, India :
Name of publisher, distributor, etc. International Book Distributing Co.
Date of publication, distribution, etc. 1995.
300 ## - PHYSICAL DESCRIPTION
Extent 221, [16] p.
500 ## - GENERAL NOTE
General note 24 cm.
650 ## - SUBJECT ADDED ENTRY--TOPICAL TERM
Topical term following geographic name as entry element Livestock.
942 ## - ADDED ENTRY ELEMENTS (KOHA)
Koha item type General circulation
Holdings
Withdrawn status Lost status Source of classification or shelving scheme Damaged status Not for loan Home library Current library Date acquired Cost, normal purchase price Total Checkouts Full call number Barcode Date last seen Cost, replacement price Price effective from Koha item type Public note Shelving location Source of acquisition
    Library of Congress Classification     Kitui Town Campus Library Kitui Town Campus Library 20/04/2015 586.38   SF 87.S37 2026/029469 20/04/2015 1186.00   General circulation   General Stacks Purchase
    Library of Congress Classification     Main Campus Library Main Campus Library 18/08/2014 586.38   SF 87 .S37 2017/020595 18/08/2014 1186.00 18/08/2014 General circulation amm    
    Library of Congress Classification     Main Campus Library Main Campus Library 18/08/2014 586.38   SF 87 .S37 2017/020594 18/08/2014 1186.00   General circulation amm    
Kitui, Kenya.
+254736116989
library@seku.ac.ke